Представление документа в формате MARC21

Поле Инд. ПП Название Значение
Тип записи a
Библиографический уровень b
001 Контрольный номер RU/IS/BASE/222357203
005 Дата корректировки 20200630222331.5
008 Кодируемые данные 20070117
040 b Код языка каталог. rus
e Правила каталог. PSBO
041 0_ a Код языка текста rus
084 a Индекс другой классификации/Индекс ББК 65.240.12(2Рос)ц; 74.40
100 1_ a Автор Машукова Н. Д.
245 10 a Заглавие Профессиональный стандарт как многоуровневая структура профессиональных квалификаций
520 0_ a Аннотация В статье ставится задача реформирования системы классификации профессий, разработки и внедрения национальной системы профессиональных стандартов в России, соответствующей международным требованиям, что послужило бы отправным пунктом разработки образовательных стандартов и программ профессиональной подготовки работников, а также унифицировать профессиональные требования, заложенные в образовательных программах всех уровней. Называются предпосылки создания профессиональных стандартов в Российской Федерации, определяются общие требования к построению и основные цели отраслевой системы профессиональных стандартов, подробно описывается методика их разработки
650 04 a Основная рубрика образование
a Основная рубрика профессиональное образование
a Основная рубрика трудовые ресурсы
a Основная рубрика экономика
a Основная рубрика экономика труда
653 1_ a Ключевые слова кадровая политика
a Ключевые слова квалифицированные кадры
a Ключевые слова классификация профессий
a Ключевые слова образовательные стандарты
a Ключевые слова предложение труда
a Ключевые слова профессиональные стандарты
a Ключевые слова Россия
773 0_ t Заглавие источника Высшее образование сегодня
d Дата издания источника 2006
g Прочая информация № 11. - С. 24 - 30 : табл., схем.
w Контрольный № источника RU/IS/BASE/222191996
901 t Тип документа b